KOHA-Header-6

You Are The Message (Record no. 2876)

000 -LEADER
fixed length control field 00283nam a2200121Ia 4500
008 - FIXED-LENGTH DATA ELEMENTS--GENERAL INFORMATION
fixed length control field 190902s9999||||xx |||||||||||||| ||und||
020 ## - INTERNATIONAL STANDARD BOOK NUMBER
International Standard Book Number 0-19-551152-2
100 ## - MAIN ENTRY--PERSONAL NAME
Personal name Roger Ailes
245 #0 - TITLE STATEMENT
Title You Are The Message
260 ## - PUBLICATION, DISTRIBUTION, ETC. (IMPRINT)
Place of publication, distribution, etc London
Name of publisher, distributor, etc Prentice Hall
Date of publication, distribution, etc 1988
300 ## - PHYSICAL DESCRIPTION
Extent 224
942 ## - ADDED ENTRY ELEMENTS (KOHA)
Koha item type Books
Holdings
Withdrawn status Lost status Source of classification or shelving scheme Damaged status Not for loan Collection code Permanent Location Current Location Shelving location Date acquired Total Checkouts Barcode Date last seen Date checked out Price effective from Koha item type
          English Literature MAJU MAJU Shelf No.A15 2019-09-02 2 6544 2024-03-25 2024-03-13 2019-09-02 English Literature

Powered by Koha